000
00308nam a22001217a 4500
008
170619b xxu||||| |||| 00| 0 eng d
041
_a
eng
080
_a
32
100
_a
20
101
_a
SHP
245
_a
ARABS IN THE JEWISH STATE ISRAEL CONTROL A NATIONAL MINORITY
_c
LUSTICK.I
942
_2
udc
_c
BK
999
_c
17987
_d
17987